书目信息 |
| 题名: |
建设项目经济评价案例教程
|
|
| 作者: | 王诺 , 梁晶 编著 | |
| 分册: | ||
| 出版信息: | 北京 化学工业出版社 2008 |
|
| 页数: | 223页 | |
| 开本: | 26cm | |
| 丛书名: | ||
| 单 册: | ||
| 中图分类: | F282 | |
| 科图分类: | ||
| 主题词: | 基本建筑项目--ji ben jian zhu xiang mu--项目评价--案例--高等学校--教材 | |
| 电子资源: | ||
| ISBN: | 978-7-122-01933-2 | |
| 000 | 01281nam0 2200265 450 | |
| 001 | 0100000365 | |
| 005 | 20080612113420.92 | |
| 010 | @a978-7-122-01933-2@dCNY25.00 | |
| 100 | @a20080525d2008 em y0chiy0121 ea | |
| 101 | 0 | @achi |
| 102 | @aCN@b110000 | |
| 105 | @aak a 000yy | |
| 200 | 1 | @a建设项目经济评价案例教程@Ajian she xiang mu jing ji ping jia an li jiao cheng@f王诺, 梁晶编著 |
| 210 | @a北京@c化学工业出版社@d2008 | |
| 215 | @a223页@c图@d26cm | |
| 300 | @a高等学校教材 | |
| 320 | @a有书目 (第223页) | |
| 330 | @a本书按照国家发展与改革委员会、建设部2006年7月3日发布的“关于印发建设项目经济评价方法与参数的通知”(即《建设项目经济评价方法与参数》第三版)的基本要求,系统介绍了建设项目在立项过程中经济评价的主要内容,重点解决实践中的操作实务问题,力求在论述一般技术经济分析方法的基础上,结合建设项目经济评价的实际案例进行讨论,同时给出相关的习题和参考答案。 | |
| 333 | @a本书可作为工程管理、财务管理和技术经济等专业的本科生、研究生学习辅助用书,尤其适用于专业性培训,也可供各行业的科研、设计和企业管理人员参考 | |
| 606 | 0 | @a基本建筑项目@Aji ben jian zhu xiang mu@x项目评价@x案例@x高等学校@j教材 |
| 690 | @aF282@v4 | |
| 701 | 0 | @a王诺@Awang nuo@4编著 |
| 701 | 0 | @a梁晶@Aliang jing@4编著 |
| 801 | 0 | @aCN@c20080612 |
| 905 | @b20800805-07@dF282@eW296@fF282/W296 | |
| 建设项目经济评价案例教程/王诺, 梁晶编著.-北京:化学工业出版社,2008 |
| 223页:图;26cm |
| 高等学校教材.-使用对象:本书可作为工程管理、财务管理和技术经济等专业的本科生、研究生学习辅助用书,尤其适用于专业性培训,也可供各行业的科研、设计和企业管理人员参考 |
| ISBN 978-7-122-01933-2:CNY25.00 |
| 本书按照国家发展与改革委员会、建设部2006年7月3日发布的“关于印发建设项目经济评价方法与参数的通知”(即《建设项目经济评价方法与参数》第三版)的基本要求,系统介绍了建设项目在立项过程中经济评价的主要内容,重点解决实践中的操作实务问题,力求在论述一般技术经济分析方法的基础上,结合建设项目经济评价的实际案例进行讨论,同时给出相关的习题和参考答案。 |
| ● |
| 相关链接 |
|
|
|
正题名:建设项目经济评价案例教程
索取号:F282/W296
 
预约/预借
| 序号 | 登录号 | 条形码 | 馆藏地/架位号 | 状态 | 备注 |
| 1 | 800495 | 208004951 | 社科库409/409社科库 102排5列3层/ [索取号:F282/W296] | 在馆 | |
| 2 | 800496 | 208004960 | 社科二线422/409社科库 100排2列2层/ [索取号:F282/W296] | 在馆 | |
| 3 | 800497 | 208004979 | 社科二线422/409社科库 100排2列2层/ [索取号:F282/W296] | 在馆 |